21/22 Premier League teams, managers, captains and top scorers - Statistics

General Stats
  • This quiz has been taken 80 times
    74 since last reset
  • The average score is 45 of 71
Answer Stats
Answers % Correct
Mikel Arteta
100%
Bukayo Saka
89%
Jürgen Klopp
89%
Ollie Watkins
89%
Pep Guardiola
89%
Pierre-Emerick Aubameyang
89%
Steven Gerrard
89%
Thomas Frank
89%
Alexandre Lacazette
78%
Antonio Conte
78%
Callum Wilson
78%
Eddie Howe
78%
Frank Lampard
78%
Harry Maguire
78%
Heung-min Son
78%
Hugo Lloris
78%
Ivan Toney
78%
Jordan Henderson
78%
Kevin De Bruyne
78%
Mohamed Salah
78%
Nuno Espírito Santo
78%
Patrick Vieira
78%
Sean Dyche
78%
Thomas Tuchel
78%
Brendan Rodgers
67%
César Azpilicueta
67%
Cristiano Ronaldo
67%
Fernandinho
67%
Jamie Vardy
67%
Jarrod Bowen
67%
Lewis Dunk
67%
Marcelo Bielsa
67%
Mason Mount
67%
Rafael Benítez
67%
Ralf Rangnick
67%
Raphinha
67%
Richarlison
67%
Roy Hodgson
67%
Séamus Coleman
67%
Teemu Pukki
67%
Tyrone Mings
67%
Ben Mee
56%
Claudio Ranieri
56%
Conor Coady
56%
Daniel Farke
56%
David Moyes
56%
Graham Potter
56%
Jamaal Lascelles
56%
Jesse Marsch
56%
Kasper Schmeichel
56%
Mark Noble
56%
Maxwel Cornet
56%
Ole Gunnar Solskjær
56%
Raúl Jiménez
56%
Bruno Lage
44%
Dean Smith
44%
Dean Smith
44%
Emmanuel Dennis
44%
Grant Hanley
44%
James Ward-Prowse
44%
Leandro Trossard
44%
Moussa Sissoko
44%
Ralph Hasenhüttl
44%
Steve Bruce
44%
Wilfried Zaha
44%
Liam Cooper
33%
Luka Milivojević
33%
Neal Maupay
33%
Pontus Jansson
33%
Mike Jackson
22%
Xisco Muñoz
22%
No matching quizzes found
Score Distribution
Percent of People with Each Score
Percentile by Number Answered
Your Score History
You have not taken this quiz since the last reset